000 01460nam0a2200409 4500
001 RU\NLR\bibl\906891
005 20250615181604.0
010 _a5-9576-0203-5
_93000
021 _aRU
_b2005-79617
_93930
035 _a(nilc)RSL-KNO-002791822
035 _a(NLR Aleph) 001346708
090 _a895022
_c895022
100 _a20051202d2005 |||y0rusy50 ca
101 0 _arus
_akor
102 _aRU
105 _ay |||||||||
106 _ar
200 1 _aРусско-корейский разговорник
_fЮ.Н. Мазур, В.Л. Ли
205 _a5-е изд., стер.
210 _aМосква
_cРусский язык Медиа
_cДрофа
_d2005
_gОАО Можайский полигр. комб.
215 _a168 с.
_d20
225 1 _aРазговорник
300 _aПарал. загл. на кор. яз.
300 _aНа обл. авт. не указаны
606 1 _aРусский язык
_xРазговорники
_xКорейский язык
_91557810
_3RU\NLR\auth\66981569
686 1 _aШ141.12-498.1
686 1 _aШ175.41-498.2
700 1 _aМазур
_bЮ. Н.
_gЮрий Николаевич
_4070
701 1 _aЛи
_bВ. Л.
_gВасилий Лукич
_4070
801 0 _aRU
_bRuMoRKP
_c20051202
_grcr
801 1 _aRU
_bРГБ
_c20051202
801 2 _aRU
_bNLR
_c20060213
_grcr
852 _aNLR
_jОЛСАА
942 _cBOOK
980 _aNB